000 00237nam a2200097Ia 4500
082 _aJ 796.333 STOR
245 0 _aRugby
100 _a STOREY, Rita London, 2009
_976569
942 _cBK
008 210817s9999 xx 000 0 und d
999 _c255966
_d255965